[Event "Rubinstein Memorial-C 55th"]
[Site "Polanica Zdroj"]
[Date "2019.08.24"]
[Round "8"]
[White "Rakita, Efim"]
[Black "Musial, Igor"]
[Result "1/2-1/2"]
[WhiteElo "1960"]
[BlackElo "1717"]
[PlyCount "96"]
[EventDate "2019.08.17"]
[EventType "swiss"]
[EventRounds "9"]
[EventCountry "POL"]
[SourceTitle "EXT 2020"]
[Source "ChessBase"]
[SourceDate "2019.10.17"]
[SourceVersion "1"]
[SourceVersionDate "2019.10.17"]
[SourceQuality "1"]

1. e4 c5 2. Nf3 d6 3. d4 cxd4 4. Nxd4 Nf6 5. Nc3 Nc6 6. Be3 e5 7. Nde2 Be6 8. Ng3 d5 9. exd5 Nxd5 10. Bd2 Be7 11. Bd3 0-0 12. Nf5 Nxc3 13. Nxe7+ Qxe7 14. Bxc3 e4 15. Bb5 Qg5 16. Qe2 Bg4 17. Qf1 Rad8 18. Bxc6 bxc6 19. h3 Bh5 20. g4 Bg6 21. Qe2 e3 22. 0-0 exf2+ 23. Qxf2 h5 24. Qf4 Qxf4 25. Rxf4 hxg4 26. Rxg4 Rfe8 27. Kf2 Re4 28. Rag1 Rxg4 29. Rxg4 Re8 30. Bd4 Re4 31. Bxa7 Rxg4 32. hxg4 Bxc2 33. Ke3 f5 34. g5 Kf7 35. Bb8 Ke6 36. Kd4 Kd7 37. Ke5 Bd3 38. a4 Kc8 39. Bd6 Kb7 40. Bf8 g6 41. Bd6 f4 42. Kxf4 Bc2 43. a5 Ka6 44. b4 Kb7 45. Ke5 Bd3 46. Kd4 Bf5 47. Bc5 Bb1 48. Ke5 Bd3 1/2-1/2

[Event "Rubinstein Memorial-C 55th"]
[Site "Polanica Zdroj"]
[Date "2019.08.20"]
[Round "4"]
[White "Rakita, Efim"]
[Black "Knap, Narcyz"]
[Result "1-0"]
[WhiteElo "1960"]
[BlackElo "1584"]
[PlyCount "95"]
[EventDate "2019.08.17"]
[EventType "swiss"]
[EventRounds "9"]
[EventCountry "POL"]
[SourceTitle "EXT 2020"]
[Source "ChessBase"]
[SourceDate "2019.10.17"]
[SourceVersion "1"]
[SourceVersionDate "2019.10.17"]
[SourceQuality "1"]

1. e4 e5 2. Nf3 Nc6 3. d4 exd4 4. Nxd4 Be7 5. Nc3 Nf6 6. Be3 0-0 7. Be2 d6 8. 0-0 Bd7 9. f4 a6 10. a4 Nxd4 11. Bxd4 c6 12. a5 Qb8 13. e5 dxe5 14. Bxe5 Qc8 15. Na4 Bg4 16. h3 Bxe2 17. Qxe2 Qd8 18. Nc3 Bc5+ 19. Kh2 Qe7 20. Qf3 Rad8 21. Rfe1 Rd2 22. Bxf6 Qxf6 23. Ne4 Qd4 24. c3 Qd5 25. Nxd2 Qxd2 26. Re2 Qd8 27. b4 Bd6 28. g3 Qc7 29. Rd1 Be7 30. Red2 Bf6 31. Rd7 Qb8 32. Qd3 b6 33. Qxa6 bxa5 34. Qxa5 Bxc3 35. Rd8 Bxb4 36. Rxb8 Bxa5 37. Rxf8+ Kxf8 38. Rc1 h6 39. Rxc6 Ke7 40. Kg2 Kd7 41. Ra6 Bc3 42. Kf3 g6 43. f5 g5 44. Rxh6 f6 45. h4 gxh4 46. gxh4 Kd6 47. Kg4 Ke7 48. Rg6 1-0

[Event "Rubinstein Memorial-C 55th"]
[Site "Polanica Zdroj"]
[Date "2019.08.19"]
[Round "3"]
[White "Krzyzosiak, Anna"]
[Black "Rakita, Efim"]
[Result "1/2-1/2"]
[WhiteElo "1590"]
[BlackElo "1960"]
[PlyCount "77"]
[EventDate "2019.08.17"]
[EventType "swiss"]
[EventRounds "9"]
[EventCountry "POL"]
[SourceTitle "EXT 2020"]
[Source "ChessBase"]
[SourceDate "2019.10.17"]
[SourceVersion "1"]
[SourceVersionDate "2019.10.17"]
[SourceQuality "1"]

1. e4 e5 2. Nf3 Nc6 3. Bc4 Bc5 4. c3 Nf6 5. d3 d6 6. 0-0 Bg4 7. Be3 Bb6 8. Nbd2 0-0 9. h3 Be6 10. Ng5 Qd7 11. b4 h6 12. Nxe6 fxe6 13. a4 d5 14. exd5 exd5 15. Bb3 Kh7 16. a5 Bxe3 17. fxe3 a6 18. d4 e4 19. Qe1 Ne7 20. Qf2 g6 21. Qf4 Kg7 22. Rf2 g5 23. Qe5 Ng6 24. Qf5 Qxf5 25. Rxf5 c6 26. Raf1 Nd7 27. Rxf8 Rxf8 28. Rxf8 Kxf8 29. Bd1 Nf6 30. Nb3 Ne8 31. Bh5 Kg7 32. Nc5 Nd6 33. Bxg6 Kxg6 34. g4 h5 35. Kf2 hxg4 36. hxg4 Kf7 37. Kg2 Ke7 38. Kf2 Ke8 39. Ke2 1/2-1/2